[Event "MCR_KT38"]
[Site "?"]
[Date "2007.??.??"]
[Round "?"]
[White "Lucan, Zdenko"]
[Black "Smolka, Jan"]
[Result "0-1"]
[WhiteElo "1639"]
[BlackElo "1800"]
[PlyCount "30"]
[EventDate "2007.??.??"]
[EventType "corr"]
[EventRounds "2"]
[SourceDate "2007.09.24"]

1. f4 e5 2. fxe5 d6 3. exd6 Bxd6 4. Nf3 Nf6 5. d4 Ng4 6. b3 Bxh2 7. Nxh2 Qh4+
8. g3 Qxg3+ 9. Kd2 Qe3+ 10. Ke1 Qf2+ 11. Kd2 Qxd4+ 12. Ke1 Qf2+ 13. Kd2 Qe3+
14. Ke1 Qg3+ 15. Kd2 O-O 0-1

[Event "MCR_KT38"]
[Site "?"]
[Date "2007.??.??"]
[Round "?"]
[White "Smolka, Jan"]
[Black "Vins, Karel"]
[Result "1-0"]
[WhiteElo "1800"]
[BlackElo "1716"]
[PlyCount "51"]
[EventDate "2007.??.??"]
[EventType "corr"]
[EventRounds "2"]
[SourceDate "2007.09.24"]

1. e4 e5 2. Nf3 Nc6 3. Bb5 a6 4. Bxc6 dxc6 5. O-O Bd6 6. d4 Bg4 7. dxe5 Bxf3 8.
Qxf3 Bxe5 9. Qb3 b6 10. Kh1 Ne7 11. f4 Bd6 12. Be3 Ng6 13. Qc3 O-O 14. e5 Be7
15. Qxc6 Re8 16. Nc3 Qc8 17. Rad1 Nf8 18. Nd5 Ra7 19. f5 f6 20. exf6 Bd6 21.
Qc4 Kh8 22. fxg7+ Kxg7 23. Bd4+ Be5 24. Ne7 Rxe7 25. f6+ Bxf6 26. Bxf6+ 1-0

[Event "MCR_KT38"]
[Site "?"]
[Date "2007.??.??"]
[Round "?"]
[White "Vins, Karel"]
[Black "Smolka, Jan"]
[Result "0-1"]
[WhiteElo "1716"]
[BlackElo "1800"]
[PlyCount "54"]
[EventDate "2007.??.??"]
[EventType "corr"]
[EventRounds "2"]
[SourceDate "2007.09.24"]

1. e4 c5 2. Nf3 d6 3. d4 cxd4 4. Nxd4 Nf6 5. Nc3 g6 6. Be3 Bg7 7. f3 O-O 8. Qd2
Nc6 9. Nb3 Be6 10. Bd3 d5 11. exd5 Nxd5 12. Rb1 Nxe3 13. Qxe3 Bxb3 14. axb3 Rc8
15. Be2 Bd4 16. Qd2 Bf2+ 17. Kd1 Qb6 18. Bd3 Rfd8 19. Ne4 Be3 20. Qe1 Nb4 21.
Nc3 Nxd3 22. cxd3 Rxd3+ 23. Kc2 Rd2+ 24. Qxd2 Bxd2 25. Kxd2 Qf2+ 26. Kc1 b5 27.
b4 a5 0-1

[Event "MCR_KT38"]
[Site "?"]
[Date "2007.??.??"]
[Round "?"]
[White "Smolka, Jan"]
[Black "Lanca, Zdenko"]
[Result "1-0"]
[WhiteElo "1800"]
[BlackElo "1644"]
[PlyCount "43"]
[EventDate "2007.??.??"]
[EventType "corr"]
[EventRounds "2"]
[SourceDate "2007.09.24"]

1. d4 c5 2. Nf3 d5 3. e3 Nc6 4. c3 e6 5. Bd3 Bd6 6. O-O Qc7 7. Nbd2 h6 8. dxc5
Bxc5 9. e4 Bd7 10. exd5 exd5 11. Nb3 Be7 12. Nbd4 O-O-O 13. Be3 a6 14. Nxc6
Bxc6 15. Bf5+ Kb8 16. Qd4 Bd7 17. Bxd7 Qxd7 18. c4 Qc7 19. Qa7+ Kc8 20. cxd5
Kd7 21. Rfe1 Nf6 22. Bf4 1-0

[Event "MCR_KT38"]
[Site "?"]
[Date "2007.??.??"]
[Round "?"]
[White "Smolka, Jan"]
[Black "Martin, Petr"]
[Result "1-0"]
[WhiteElo "1800"]
[BlackElo "1791"]
[PlyCount "39"]
[EventDate "2007.??.??"]
[EventType "corr"]
[EventRounds "2"]
[SourceDate "2007.09.24"]

1. e4 d6 2. d4 Nf6 3. Nc3 g6 4. f4 Bg7 5. Nf3 O-O 6. Bd3 Bg4 7. h3 Bxf3 8. Qxf3
Nbd7 9. e5 dxe5 10. dxe5 Ne8 11. Be3 c6 12. O-O-O Qc7 13. h4 Bxe5 14. fxe5 Nxe5
15. Qh3 f5 16. h5 e6 17. hxg6 Nxg6 18. g4 Nf4 19. Bxf4 Qxf4+ 20. Kb1 1-0

[Event "MCR_KT38"]
[Site "?"]
[Date "2007.??.??"]
[Round "?"]
[White "Smolka, Jan"]
[Black "Lucan, Zdenko"]
[Result "1-0"]
[WhiteElo "1800"]
[BlackElo "1639"]
[PlyCount "43"]
[EventDate "2007.??.??"]
[EventType "corr"]
[EventRounds "2"]
[SourceDate "2007.09.24"]

1. e4 c6 2. d4 d5 3. exd5 cxd5 4. Bd3 e6 5. Nf3 Be7 6. O-O Nf6 7. Bg5 Nbd7 8.
Re1 Nf8 9. Nbd2 h6 10. Bf4 Ng6 11. Bxg6 fxg6 12. Ne5 g5 13. Ng6 Rh7 14. Be5 Kf7
15. Nxe7 Qxe7 16. c4 Nd7 17. cxd5 Nxe5 18. Rxe5 Bd7 19. dxe6+ Bxe6 20. d5 Kf6
21. Rxe6+ Qxe6 22. dxe6 1-0

[Event "MCR_KT38"]
[Site "?"]
[Date "2007.??.??"]
[Round "?"]
[White "Lanca, Zdenko"]
[Black "Martin, Petr"]
[Result "1/2-1/2"]
[WhiteElo "1644"]
[BlackElo "1791"]
[PlyCount "46"]
[EventDate "2007.??.??"]
[EventType "corr"]
[EventRounds "2"]
[SourceDate "2007.09.24"]

1. e4 e5 2. Nf3 Nc6 3. Bc4 Nd4 4. d3 Nxf3+ 5. Qxf3 Nf6 6. O-O d6 7. Bg5 Be7 8.
Bxf6 Bxf6 9. Nc3 c6 10. a4 O-O 11. b4 a5 12. b5 c5 13. Rfe1 b6 14. Nd5 Be6 15.
Re3 Bg5 16. Re2 Bxd5 17. Bxd5 Ra7 18. Rd1 Bh6 19. g3 Kh8 20. Qh5 Qg5 21. Qxg5
Bxg5 22. Rf1 Bh6 23. f4 exf4 1/2-1/2

[Event "MCR_KT38"]
[Site "?"]
[Date "2007.??.??"]
[Round "?"]
[White "Martin, Petr"]
[Black "Lanca, Zdenko"]
[Result "1-0"]
[WhiteElo "1791"]
[BlackElo "1639"]
[PlyCount "41"]
[EventDate "2007.??.??"]
[EventType "corr"]
[EventRounds "2"]
[SourceDate "2007.09.24"]

1. c4 Nf6 2. Nc3 d5 3. d4 e6 4. e3 Bb4 5. Bd2 Nc6 6. cxd5 exd5 7. Bb5 O-O 8.
Nge2 Bd7 9. O-O Re8 10. Nf4 Bxc3 11. bxc3 a6 12. Bd3 Kh8 13. Qb3 g5 14. Nxd5
Be6 15. c4 Nxd5 16. cxd5 Qxd5 17. Qxb7 Rab8 18. Qxc7 Nd8 19. Qg3 Nb7 20. Be2 f6
21. Bf3 1-0

[Event "MCR_KT38"]
[Site "?"]
[Date "2007.??.??"]
[Round "?"]
[White "Lanca, Zdenko"]
[Black "Lucan, Zdenko"]
[Result "1/2-1/2"]
[WhiteElo "1644"]
[BlackElo "1639"]
[PlyCount "43"]
[EventDate "2007.??.??"]
[EventType "corr"]
[EventRounds "2"]
[SourceDate "2007.09.24"]

1. b3 b6 2. e4 Bb7 3. Nc3 e6 4. Bb2 d6 5. d4 a6 6. Be2 Be7 7. Qd2 Nf6 8. Bf3
Nbd7 9. e5 Nd5 10. Nce2 dxe5 11. c4 Bb4 12. Nc3 Bxc3 13. Bxc3 Nxc3 14. Bxb7 Ra7
15. Bc6 O-O 16. Qxc3 Nb8 17. Bf3 exd4 18. Qd3 c5 19. O-O-O e5 20. Re1 Re7 21.
g4 Nd7 22. Bg2 1/2-1/2

[Event "MCR_KT38"]
[Site "?"]
[Date "2007.??.??"]
[Round "?"]
[White "Lucan, Zdenko"]
[Black "Lanca, Zdenko"]
[Result "1/2-1/2"]
[WhiteElo "1639"]
[BlackElo "1644"]
[PlyCount "46"]
[EventDate "2007.??.??"]
[EventType "corr"]
[EventRounds "2"]
[SourceDate "2007.09.24"]

1. c4 Nf6 2. Nc3 d5 3. e3 e5 4. Be2 Nc6 5. d3 Bb4 6. a3 Bxc3+ 7. bxc3 O-O 8.
Nf3 dxc4 9. dxc4 e4 10. Qxd8 Rxd8 11. Nd4 Na5 12. O-O c5 13. Nb5 a6 14. Rb1
axb5 15. Rxb5 Nd7 16. f3 exf3 17. Bxf3 Ra7 18. Bd5 Rf8 19. Rb2 b6 20. e4 Bb7
21. Bf4 Bxd5 22. cxd5 Nc4 23. Ra2 Rxa3 1/2-1/2

[Event "MCR_KT38"]
[Site "?"]
[Date "2007.??.??"]
[Round "?"]
[White "Martin, Petr"]
[Black "Smolka, Jan"]
[Result "0-1"]
[WhiteElo "1791"]
[BlackElo "1800"]
[PlyCount "50"]
[EventDate "2007.??.??"]
[EventType "corr"]
[EventRounds "2"]
[SourceDate "2007.09.24"]

1. c4 e5 2. Nf3 e4 3. Nd4 Nc6 4. e3 Nf6 5. Nc3 Bb4 6. a3 Bxc3 7. bxc3 O-O 8.
Be2 Ne5 9. d3 exd3 10. Bxd3 d5 11. cxd5 Nxd3+ 12. Qxd3 Qxd5 13. Qb5 c5 14. Nf3
Bg4 15. Bb2 Bxf3 16. gxf3 Qxf3 17. Rf1 Rad8 18. Rg1 Qd5 19. Qe2 c4 20. f3 Rfe8
21. Kf2 Qh5 22. Kg2 Ne4 23. Rad1 Rd3 24. Rxd3 cxd3 25. Qxd3 Qg6+ 0-1

[Event "MCR_KT38"]
[Site "?"]
[Date "2007.??.??"]
[Round "?"]
[White "Lanca, Zdenko"]
[Black "Smolka, Jan"]
[Result "0-1"]
[WhiteElo "1644"]
[BlackElo "1800"]
[PlyCount "52"]
[EventDate "2007.??.??"]
[EventType "corr"]
[EventRounds "2"]
[SourceDate "2007.09.24"]

1. c4 e5 2. Nc3 Bb4 3. e4 Nf6 4. Nf3 O-O 5. d3 d6 6. Bd2 Nc6 7. Be2 Nd4 8. a3
Bc5 9. Be3 a6 10. b4 Ba7 11. O-O Ng4 12. Kh1 Nxf3 13. Bxf3 Nxe3 14. fxe3 Bxe3
15. Bg4 Be6 16. Qf3 Bd4 17. Rac1 Qg5 18. h3 h5 19. Bxh5 g6 20. Bg4 f5 21. exf5
gxf5 22. Bh5 d5 23. Qe2 Kg7 24. Bf3 Rh8 25. Qe1 f4 26. Ne2 Bxh3 0-1

[Event "MCR_KT38"]
[Site "?"]
[Date "2007.??.??"]
[Round "?"]
[White "Lanca, Zdenko"]
[Black "Vins, Karel"]
[Result "0-1"]
[WhiteElo "1644"]
[BlackElo "1716"]
[PlyCount "62"]
[EventDate "2007.??.??"]
[EventType "corr"]
[EventRounds "2"]
[SourceDate "2007.09.24"]

1. c4 e5 2. Nc3 Nf6 3. e4 d6 4. d4 exd4 5. Qxd4 c5 6. Qd2 Nc6 7. b3 Be7 8. Be2
Be6 9. Bb2 a6 10. O-O-O Qc7 11. Nd5 Bxd5 12. Bxf6 gxf6 13. exd5 Ne5 14. f4 Nd7
15. Bh5 Nf8 16. f5 Rg8 17. g4 Ng6 18. Qh6 Nf8 19. h3 O-O-O 20. Bxf7 Rh8 21. Qg7
Nd7 22. Be6 Rde8 23. Bxd7+ Qxd7 24. Nf3 Bd8 25. Qh6 Re2 26. Kb1 Rhe8 27. Rhe1
Rxe1 28. Nxe1 Re2 29. Nf3 Qe7 30. Ng1 Qe4+ 31. Ka1 Qe5+ 0-1

[Event "MCR_KT38"]
[Site "?"]
[Date "2007.??.??"]
[Round "?"]
[White "Vins, Karel"]
[Black "Lanca, Zdenko"]
[Result "0-1"]
[WhiteElo "1716"]
[BlackElo "1644"]
[PlyCount "66"]
[EventDate "2007.??.??"]
[EventType "corr"]
[EventRounds "2"]
[SourceDate "2007.09.24"]

1. e4 c5 2. Nf3 Nc6 3. d4 cxd4 4. Nxd4 Nf6 5. Nc3 d6 6. Bg5 e5 7. Nb3 Be7 8. f4
O-O 9. Qf3 Qc7 10. O-O-O Bg4 11. Qe3 Bxd1 12. Kxd1 Rad8 13. Bxf6 Bxf6 14. Nd5
Qd7 15. Nxf6+ gxf6 16. Kc1 d5 17. Bd3 d4 18. Qg3+ Kh8 19. f5 Nb4 20. Kb1 Rg8
21. Qf3 Nxd3 22. cxd3 Qb5 23. g3 Rd6 24. Rc1 Ra6 25. Qd1 Rc6 26. Qd2 b6 27.
Rxc6 Qxc6 28. Qc2 Qxc2+ 29. Kxc2 h5 30. Nd2 h4 31. Nf1 hxg3 32. Nxg3 Rg4 33.
Kc1 Kh7 0-1

[Event "MCR_KT38"]
[Site "?"]
[Date "2007.??.??"]
[Round "?"]
[White "Lucan, Zdenko"]
[Black "Vins, Karel"]
[Result "1/2-1/2"]
[WhiteElo "1639"]
[BlackElo "1716"]
[PlyCount "49"]
[EventDate "2007.??.??"]
[EventType "corr"]
[EventRounds "2"]
[SourceDate "2007.09.24"]

1. b3 d5 2. Bb2 c5 3. g3 Qc7 4. Bg2 d4 5. d3 e5 6. Nd2 Bd7 7. Ngf3 f6 8. c4 Nc6
9. a3 a5 10. Ne4 f5 11. Ned2 Nf6 12. O-O h6 13. h3 g5 14. Nh2 Bd6 15. Qe1 Ne7
16. e3 Bc6 17. Bxc6+ Qxc6 18. Qe2 h5 19. f3 Kf7 20. e4 f4 21. g4 Ng6 22. Rf2 b5
23. Rg2 Nh4 24. Rf2 b4 25. a4 1/2-1/2

[Event "MCR_KT38"]
[Site "?"]
[Date "2007.??.??"]
[Round "?"]
[White "Lucan, Zdenko"]
[Black "Martin, Petr"]
[Result "0-1"]
[WhiteElo "1639"]
[BlackElo "1791"]
[PlyCount "66"]
[EventDate "2007.??.??"]
[EventType "corr"]
[EventRounds "2"]
[SourceDate "2007.09.24"]

1. f4 f5 2. Nf3 Nf6 3. b3 e6 4. Bb2 Be7 5. Bxf6 Bxf6 6. c3 O-O 7. e3 c5 8. Be2
d5 9. Ne5 d4 10. c4 Bxe5 11. fxe5 Qh4+ 12. g3 Qe4 13. O-O Qxe5 14. Na3 dxe3 15.
dxe3 Qxe3+ 16. Kh1 Nc6 17. Nc2 Qg5 18. Qc1 Qxc1 19. Raxc1 Nd4 20. Nxd4 cxd4 21.
Rf4 e5 22. Rf2 e4 23. Rcf1 Be6 24. b4 d3 25. Bd1 e3 26. Rb2 Bxc4 27. Bb3 Bxb3
28. axb3 e2 29. Re1 Rad8 30. Rd2 Rf6 31. Kg2 Rb6 32. Kf3 Rxb4 33. Rxd3 Rxd3+
0-1

[Event "MCR_KT38"]
[Site "?"]
[Date "2007.??.??"]
[Round "?"]
[White "Petricek, Jiri"]
[Black "Smolka, Jan"]
[Result "0-1"]
[WhiteElo "1590"]
[BlackElo "1800"]
[PlyCount "20"]
[EventDate "2007.??.??"]
[EventType "corr"]
[EventRounds "2"]
[SourceDate "2007.09.24"]

1. e4 c5 2. Nf3 d6 3. d4 cxd4 4. Nxd4 Nf6 5. Nc3 g6 6. Bb5+ Bd7 7. O-O Bg7 8.
Bg5 O-O 9. Bxd7 Nbxd7 10. Qe2 Rc8 0-1

[Event "MCR_KT38"]
[Site "?"]
[Date "2007.??.??"]
[Round "?"]
[White "Martin, Petr"]
[Black "Lucan, Zdenko"]
[Result "1-0"]
[WhiteElo "1791"]
[BlackElo "1639"]
[PlyCount "74"]
[EventDate "2007.??.??"]
[EventType "corr"]
[EventRounds "2"]
[SourceDate "2007.09.24"]

1. c4 g6 2. Nc3 Bg7 3. e4 c6 4. d4 d6 5. d5 c5 6. Bd3 Nf6 7. Nge2 Nbd7 8. f4 a6
9. O-O O-O 10. h3 Re8 11. Ng3 Nf8 12. f5 e5 13. h4 Nh5 14. Nxh5 gxh5 15. Qxh5
f6 16. Rf3 Re7 17. Rg3 Qe8 18. Qxe8 Rxe8 19. h5 Re7 20. h6 Kh8 21. hxg7+ Rxg7
22. Rxg7 Kxg7 23. Kf2 Bd7 24. Bd2 b5 25. Nxb5 axb5 26. cxb5 Rb8 27. a4 h6 28.
Rh1 Nh7 29. Bxh6+ Kg8 30. Bd2 Nf8 31. g4 Rc8 32. Bc4 Ra8 33. b3 Nh7 34. a5 Be8
35. a6 Ng5 36. Bxg5 fxg5 37. Rh6 Kg7 1-0

[Event "MCR_KT38"]
[Site "?"]
[Date "2007.??.??"]
[Round "?"]
[White "Vins, Karel"]
[Black "Lucan, Zdenko"]
[Result "1-0"]
[WhiteElo "1716"]
[BlackElo "1639"]
[PlyCount "63"]
[EventDate "2007.??.??"]
[EventType "corr"]
[EventRounds "2"]
[SourceDate "2007.09.24"]

1. e4 e5 2. f4 exf4 3. Nf3 g5 4. h4 g4 5. Ne5 h5 6. Bc4 Nh6 7. d4 Qf6 8. Nc3 d6
9. Nd5 Qd8 10. Nd3 Bg7 11. c3 Be6 12. Qb3 Bc8 13. N5xf4 Qe7 14. O-O O-O 15. g3
Qxe4 16. Bd5 Qe7 17. Ng6 Qe8 18. Nxf8 Qxf8 19. Bxh6 Bxh6 20. Bxf7+ Kg7 21. Rae1
Bd7 22. Qxb7 Bc6 23. Qxc7 Bf3 24. Bxh5+ Kh8 25. Re8 Qxe8 26. Bxe8 Na6 27. Qd7
Nc7 28. Bg6 Bg7 29. Nf4 Nd5 30. Rxf3 gxf3 31. Nxd5 Rf8 32. Nf4 1-0

[Event "MCR_KT38"]
[Site "?"]
[Date "2007.??.??"]
[Round "?"]
[White "Vins, Karel"]
[Black "Martin, Petr"]
[Result "1/2-1/2"]
[WhiteElo "1716"]
[BlackElo "1971"]
[PlyCount "94"]
[EventDate "2007.??.??"]
[EventType "corr"]
[EventRounds "2"]
[SourceDate "2007.09.24"]

1. e4 e5 2. Nf3 Nc6 3. d4 exd4 4. Nxd4 d6 5. Be3 Bd7 6. Nc3 Nf6 7. Bd3 Be7 8.
h3 O-O 9. a3 Ne5 10. f4 Nxd3+ 11. cxd3 Ne8 12. Nf3 Be6 13. O-O c6 14. f5 Bd7
15. g4 Qc7 16. Kg2 Qc8 17. Rc1 Qd8 18. Rh1 Nc7 19. b4 a5 20. Rb1 axb4 21. axb4
Ra3 22. Qc2 Qa8 23. Bd2 Qa7 24. Bc1 Ra6 25. Qf2 Ra8 26. Qxa7 R6xa7 27. Rf1 Bf6
28. d4 c5 29. Be3 Nb5 30. Nxb5 Bxb5 31. Rf2 cxd4 32. Nxd4 Bd3 33. Rd1 Bxe4+ 34.
Kg1 Bxd4 35. Bxd4 Ra2 36. Rxa2 Rxa2 37. Bf2 d5 38. Rc1 Rc2 39. Rxc2 Bxc2 40.
Bc5 Bb3 41. Kf2 f6 42. Kg3 Kf7 43. h4 Bc2 44. Kf4 Ke8 45. Bd4 Kf7 46. Bc3 Bd1
47. Bd4 Bb3 1/2-1/2

[Event "MCR_KT38"]
[Site "?"]
[Date "2007.??.??"]
[Round "?"]
[White "Martin, Petr"]
[Black "Vins, Karel"]
[Result "1-0"]
[WhiteElo "1971"]
[BlackElo "1716"]
[PlyCount "95"]
[EventDate "2007.??.??"]
[EventType "corr"]
[EventRounds "2"]
[SourceDate "2007.09.24"]

1. c4 e5 2. Nf3 Nc6 3. d4 exd4 4. Nxd4 Nxd4 5. Qxd4 Qf6 6. Qe4+ Qe6 7. Nc3 Qxe4
8. Nxe4 Be7 9. Bf4 d6 10. e3 Nf6 11. Bd3 Nxe4 12. Bxe4 Rb8 13. O-O-O O-O 14.
Rd2 b6 15. h4 Bb7 16. Bd5 g6 17. Bh6 Rfe8 18. h5 Bxd5 19. Rxd5 Bf8 20. hxg6
hxg6 21. e4 Bxh6+ 22. Rxh6 Kg7 23. Rh4 f6 24. f3 Rbd8 25. Rd1 Rh8 26. Rdh1 Rxh4
27. Rxh4 Re8 28. Rh1 Re5 29. Rd1 Re7 30. Kc2 Kf7 31. Kd3 c5 32. Kc3 Ke6 33. b4
Rd7 34. a4 g5 35. b5 Rh7 36. Kd3 Rh2 37. Rg1 f5 38. exf5+ Kxf5 39. Ke3 Rh7 40.
g4+ Ke5 41. Re1 Rh8 42. Kf2+ Kf6 43. Kg3 Rd8 44. Rh1 Rg8 45. Rh7 Rg7 46. Rxg7
Kxg7 47. f4 Kf6 48. fxg5+ 1-0